| 000 | 01288nam a2200373 i 4500 | ||
|---|---|---|---|
| 001 | 13794 | ||
| 003 | KOSZ 005 | ||
| 005 | 20191026113511.0 | ||
| 008 | 070608s1971 pl a f 000 0 pol | ||
| 015 | _aPB 1971/5515 | ||
| 035 | _a(OCoLC)838982693 | ||
| 040 |
_aWA N _cWA N _dKOSZ 005/KK |
||
| 080 | _a389.6 | ||
| 100 | 1 |
_aHeinrich, Ludwik. _eAutor. |
|
| 245 | 1 | 0 |
_aUkład normy / _cLudwik Heinrich, Jan Malewski. |
| 250 | _aWydanie 3 poprawione i uzupełnine | ||
| 260 |
_aWarszawa : _bWydawnictwa Normalizacyjne, _c1971. |
||
| 300 |
_a191 stron : _bilustracje, errata ; _c23 cm. |
||
| 336 |
_aTekst _btxt _2rdacontent |
||
| 337 |
_aBez urządzenia pośredniczącego _bn _2rdamedia |
||
| 338 |
_aWolumin _bnc _2rdacarrier |
||
| 380 | _aKsiążki. | ||
| 490 | 1 |
_aBiblioteka Normalizatora ; _v19. |
|
| 504 | _aBibliografia na stronie 191. | ||
| 658 | _aInżynieria i technika | ||
| 658 | _aPrawo i wymiar sprawiedliwości | ||
| 655 | 4 | _aPodręczniki | |
| 650 | 4 | _aNormy | |
| 700 | 1 | _aMalewski, Jan. | |
| 710 |
_aWydawnictwa Normalizacyjne _4pbl. |
||
| 830 | 0 |
_aBiblioteka Normalizatora ; _v19. |
|
| 856 |
_uhttp://koha.tu.koszalin.pl/cgi-bin/koha/opac-detail.pl?biblionumber=13794 _yKatalog online BPK |
||
| 942 |
_2UKD _cKS |
||
| 999 |
_c13794 _d13794 |
||